Word Ladder: Looking Forward to Summer Quiz Stats

 Plays Quiz Updated Oct 29, 2012

Support Sporcle.
Go Orange.
Score 0/13 Timer 01:30
2 Plays Today
Clue Four-Letter Word % Correct
Truth's partnerDARE
96.2%
Wine bottle topperCORK
92.1%
EqualSAME
90.5%
Billiards gamePOOL
89.9%
Dignified lady, (e.g. Edna or Dench)DAME
89.8%
Food preparerCOOK
89.6%
Not hot or warmCOOL
89.5%
Ctrl + SSAVE
87%
Visual greeting?WAVE
85.2%
Odd individual; geekDORK
84.5%
Hispanic cartoon explorerDORA
82.4%
____ mater: outermost brain layerDURA
34.4%
To bear suffering (archaic)DURE
33.9%

Today's Daily Dose

Word Ladder
ING Words

Get the Picture
Nearest Volcano

From the Vault

Unique Starting North American Countries

by sproutcm

Geography 60s
We can't fault these countries for wanting to stand out.
Remove Ads.
Support Sporcle.
Get the best of Sporcle when you Go Orange. This ad-free experience offers more features, more stats, and more fun while also helping to support Sporcle. Thank you for becoming a member.

Show Comments

Extras

Top Quizzes Today


Score Distribution

Your Account Isn't Verified!

In order to create a playlist on Sporcle, you need to verify the email address you used during registration. Go to your Sporcle Settings to finish the process.

Report this User

Report this user for behavior that violates our Community Guidelines.

Details: